| 000 | 00332nam a22001337a 4500 | ||
|---|---|---|---|
| 008 | 181107b xxu||||| |||| 00| 0 eng d | ||
| 020 | _a9780155415614 | ||
| 041 | _aeng | ||
| 080 |
_24th _a101 |
||
| 100 | _a24 | ||
| 101 | _aFIL | ||
| 245 |
_aIntroducing Philosophy A Text with Integrated Readings _cSolomon,R.C |
||
| 942 |
_2udc _cBK |
||
| 999 |
_c52063 _d52063 |
||